Flags of Countries That Border The Caribbean - Statistics

General Stats
  • This quiz has been taken 20 times
  • The average score is 25 of 28
Answer Stats
Picture Answer % Correct
Columbia
100%
United Kingdom
100%
United States Of America
100%
Venezuela
100%
Cuba
94%
Dominican Republic
94%
Haiti
94%
Jamaica
94%
Mexico
94%
Antigua and Barbuda
88%
Barbados
88%
Belize
88%
France
88%
Grenada
88%
Honduras
88%
Netherlands
88%
Nicaragua
88%
Panama
88%
St Kitts and Nevis
88%
Trinidad and Tobago
88%
Bahamas
82%
Costa Rica
82%
Dominica
82%
Guatemala
82%
St Lucia
82%
St Vincent
82%
Guyana
71%
Suriname
71%
No matching quizzes found
Score Distribution
Percent of People with Each Score
Percentile by Number Answered
Your Score History
You have not taken this quiz